Lana Del Rey Lyrics with No Hints (6) - Statistics

General Stats
  • This quiz has been taken 3,937 times
  • The average score is 126 of 208
Answer Stats
Lyrics % Correct
*chorus*
100%
I
97%
Yo
94%
a
93%
you
91%
love
88%
me
85%
the
85%
He
82%
he
82%
to
79%
and
78%
we
76%
We
76%
it
74%
like
71%
do
70%
when
70%
your
69%
my
68%
can
66%
for
66%
go
66%
is
65%
where
65%
that
64%
who
63%
kiss
62%
was
62%
hear
60%
I'm
60%
are
59%
of
59%
you're
59%
but
58%
ultraviolence
58%
felt
57%
on
57%
were
57%
hit
56%
with
56%
With
56%
his
55%
la
55%
Cause
54%
cause
54%
all
53%
don't
53%
him
53%
know
53%
they
53%
time
53%
could
52%
call
51%
back
50%
used
50%
first
49%
last
49%
told
49%
forever
48%
never
48%
true
47%
Jim
46%
poison
46%
loving
45%
Loving
45%
up
45%
white
45%
beauty
44%
Give
44%
New
44%
sirens
44%
then
44%
deadly
43%
DN
43%
hard
43%
York
43%
enough
42%
kids
42%
really
42%
stood
42%
blessed
41%
Blessed
41%
filled
41%
right
41%
this
41%
ivy
40%
leader
40%
nightshade
40%
singer
40%
jazz
39%
rage
39%
beside
38%
cult
38%
soy
38%
died
37%
hurt
37%
lines
37%
princessa
37%
would
37%
brought
36%
violins
36%
Heaven
35%
raised
35%
Reminded
35%
Comprende
34%
could've
34%
taught
33%
anything
32%
mis
32%
babe
28%
earth
27%
Woodstock
26%
lemonade
23%
union
21%
tears
19%
Crying
18%
gold
18%
No matching quizzes found
Score Distribution
Percent of People with Each Score
Percentile by Number Answered
Your Score History
You have not taken this quiz